Diferentes formas de ruralidad /
El término "rural" suele usarse como sinónimo de la producción agrícola o, en un sentido más amplio, para calificar lo relativo al campo en oposición a la ciudad.
Guardado en:
| Autor Principal: | |
|---|---|
| Autor Corporativo: | |
| Otros Autores: | |
| Formato: | |
| Publicado: |
Argentina,
2009
|
| Series: | Horizontes. Ciencias Sociales
|
| Materias: | |
| Acceso en línea: | https://www.educ.ar/recursos/50747/diferentes-formas-de-ruralidad |
| Etiquetas: |
Agregar Etiqueta
Sin Etiquetas, Sea el primero en etiquetar este registro!
|
| LEADER | 01259ngm a22003495g 4500 | ||
|---|---|---|---|
| 001 | CEM.cems023148 | ||
| 008 | 130507s2009##################0###0#####d | ||
| 005 | 20241216162627.0 | ||
| 245 | 1 | 0 | |a Diferentes formas de ruralidad / |c Dalmiro Sáenz. |
| 260 | |a Argentina, |c 2009 | ||
| 300 | |a 26'. | ||
| 490 | 0 | |a Horizontes. Ciencias Sociales | |
| 500 | |a Consultar en ventanilla. | ||
| 520 | |a El término "rural" suele usarse como sinónimo de la producción agrícola o, en un sentido más amplio, para calificar lo relativo al campo en oposición a la ciudad. | ||
| 538 | |a Soporte: DVD - Color: Si - Grabación DRD | ||
| 590 | |a Identificación anterior registrada en SIABUC: DVD Nº46 | ||
| 100 | 1 | |a Saenz, Dalmiro | |
| 700 | 1 | |a Pais, Ernestina; Conducción. | |
| 710 | 2 | |a Canal Encuentro. | |
| 082 | 3 | 0 | |/ SAE-2 |
| 653 | |a ECONOMÍA | ||
| 653 | |a SOCIEDAD | ||
| 653 | |a GEOGRAFÍA | ||
| 653 | |a PRODUCCION AGRICOLA | ||
| 653 | |a AGRO | ||
| 653 | |a CAMPO | ||
| 653 | |a SECTOR AGROPECUARIO | ||
| 653 | |a SERIE DE TELEVISIÓN | ||
| 653 | |a NIVEL PRIMARIO | ||
| 653 | |a NIVEL SECUNDARIO | ||
| 856 | |u https://www.educ.ar/recursos/50747/diferentes-formas-de-ruralidad | ||
| 859 | |a CEMS |b BIB. CEMS - Depto. Recursos Didacticos |h 300 |i SAE-2 |k DRD |p 1791.13 |t Ej.1 | ||
